000
00282nam a2200121Ia 4500
008
220204s9999 xx 000 0 und d
082
_a
659.4
_b
BLA
100
_a
Black, Sam
245
0
_a
Practical public relations
250
_a
Ed.3
260
_a
London
_b
Pitman
_c
1970
942
_c
BK
999
_c
24713
_d
24713